000 01018nam a22002297a 4500
999 _c12218
_d12218
003 AR-CdUCM
008 190408b ||||| |||| 00| 0 spa d
040 _aMUNICIPALIDAD PROVINCIAL DEL CUSCO
_cBIBLIOTECA MUNICIPAL DEL CUSCO
082 _aC / 546 /
_bB12
100 _aBaca Mendoza, Oswaldo
_929966
245 _aLeyes genéticas de los elementos químicos :
_bNuevo sistema periódico /
260 _aCusco :
_bUniversidad Nacional del Cuzco,
_c1953.
300 _a42 páginas ;
_btablas plegables,
_c24 cm.
500 _aTexto en español e inglés.
_a"Comunicación presentada a la Primera Sección: Fisicoquímica y Electroquímica del Cuarto Congreso Peruano de Química, Lima, Octubre de 1953"
505 _aContenido: Leyes genéticas de los elementos químicos.
650 _aElementos químicos
_93282
650 _aTabla periódica (Química)
_929967
650 _aLeyes
_94808
710 _aUniversidad Nacional San Antonio de Abad (Cusco).
_91879
942 _2ddc
_cLIBROS
945 _aachl
_d2019-04-08